|
|
|
|
| LEADER |
00000nam0a2200000 4500 |
| 001 |
166542 |
| 005 |
20231031162521.0 |
| 010 |
|
|
|a 529200943I
|
| 035 |
|
|
|a (RuTPU)RU\TPU\book\180655
|
| 090 |
|
|
|a 166542
|
| 100 |
|
|
|a 20091003d1990 m y0rusy50 ca
|
| 101 |
0 |
|
|a rus
|
| 102 |
|
|
|a RU
|
| 105 |
|
|
|a y z 001zy
|
| 200 |
0 |
|
|a Ч.1. : Функциональное наполнение пакета прикладных программ
|
| 210 |
|
|
|d 1990
|
| 215 |
|
|
|a 33 с.
|
| 320 |
|
|
|a Библиогр.: с. 32
|
| 333 |
|
|
|a Исключено из фонда НТБ ТПУ
|
| 461 |
|
|
|t Обработка экспериментальных данных
|v Ч.1.: Функциональное наполнение пакета прикладных программ
|f И. Д. Молоденкова
|d 1990
|
| 801 |
|
1 |
|a RU
|b 63413507
|c 20091003
|
| 801 |
|
2 |
|a RU
|b 63413507
|c 20170123
|g RCR
|
| 942 |
|
|
|c BK
|